| 000 | 00649nam a22001577a 4500 | ||
|---|---|---|---|
| 003 | OSt | ||
| 005 | 20190806150027.0 | ||
| 008 | 190806b xxu||||| |||| 00| 0 eng d | ||
| 040 | _cRUA | ||
| 082 | _aLMA LAY 2017 B640 Or.1 | ||
| 100 |
_913805 _aLAY SOPHAL ឡៃ សុផល |
||
| 245 | _astudy on land marketing in sangkat steung meanchey khan meanchey phnom penh ការសិក្សាអំពីទីផ្សារនៅសង្កាត់ស្ទឹងមានជ័យខណ្ឌមានជ័យ រាជធានីភ្នំពេញ | ||
| 260 |
_aRUA _bPhnom penh _c2017 |
||
| 300 |
_ax;39p _bill; _c29cm |
||
| 942 |
_2ddc _cLMA |
||
| 999 |
_c18133 _d18133 |
||